000 00435nam a22001697a 4500
005 20150512110307.0
008 150512b xxu||||| |||| 00| 0 eng d
020 _a9780077224806
041 0 _aeng
080 _a512.5
100 _aBella Jgnacia
245 _aAlgebra
_cIgnacia Bella; Fron Hopf
300 _a933 f.:
_bme il.;
_c27 cm,
505 _aIndex: f. 927 - 933
650 _aAlgjebra
942 _2udc
_cBK
999 _c747
_d747